| 000 | 00822cam a2200253 a 4500 | ||
|---|---|---|---|
| 008 | |||
| 049 | _aMAIN | ||
| 090 |
_aRD651 _bPAG |
||
| 100 | 1 | _aPage, David L. | |
| 245 | 1 | 0 |
_aTumors of the adrenal / _cby David L. Page, Ronald A. DeLellis, and Aubrey J. Hough, Jr. |
| 260 |
_aWashington, D.C. : _bArmed Forces Institute of Pathology, _c1986. |
||
| 300 |
_a267 p. : _bill. (some col.) ; _c26 cm. |
||
| 440 | 0 | _aAtlas of tumor pathology, second series. | |
| 500 | _aIncludes Index. | ||
| 504 | _aIncludes bibliographies and index. | ||
| 650 | 0 |
_aAdrenal glands _xTumors. |
|
| 700 | 1 | _aDeLellis, Ronald A. | |
| 700 | 1 | _aHough, Aubrey J. | |
| 907 |
_a.b10394126 _b30-10-18 _c29-10-18 |
||
| 003 | |||
| 005 | 20230123141129.0 | ||
| 040 | _cNUST | ||
| 942 |
_cBOOKS _kRD651 _mPAG |
||
| 999 |
_c168207 _d168207 |
||